000 00583naa a2200193 4500
001 153595
003 ES-MaBCM
005 20241016185716.0
008 071128s2007 fra|r0p 0 ||fre d
021 _axx
035 _a(OCoLC)1365201812
040 _cES-MaBCM
100 1 _aParisi, Claudio
_981839
245 0 0 _aL'extension du système de juge unique en Europe
_cClaudio Parisi
650 2 7 _aJuez
_959119
651 2 4 _aEuropa
_9115402
773 0 _aEn:
_tRevue internationale de droit comparé
_dParis
_w104680
_g59 année, nº 3 (juil.-sept. 2007), p. 647-671
942 _cAREV
999 _c153595
_d153595